ბათუმის შოთა რუსთაველის სახელმწიფო უნივერსიტეტის ბიბლიოთეკა

საქართველოს ევროინტეგრაციული პერსპექტივა : (ბიბ.ჩანაწერი № 63582)

000 -ლიდერი
ფიქსირებული სიგრძის საკონტროლო ველი 01636nam a22002657a 4500
003 - საკონტროლო ნომრის იდენტიფიკატორი
საკონტროლო ველი Ge_BSU
005 - ბოლო ოპერაციის თარიღი და დრო
საკონტროლო ველი 20251106155205.0
008 - ფიქსირებული სიგრძის მონაცემთა ელემენტები - ზოგადი ინფორმაცია
ფიქსირებული სიგრძის საკონტროლო ველი 251106s2025 ge ||||| |||| 00| 0 geo d
020 ## - წიგნის საერთაშორისო სტანდარტული ნომერი
International Standard Book Number 9789941875298
041 ## - ენის კოდი
Language code of text/sound track or separate title geo
080 ## - უნივერსალური ათობითი კლასიფიკაციის ინდექსი
Universal Decimal Classification number 341.217(4:479.22) ს-32
100 ## - მთავარი ჩანაწერი - პიროვნების სახელი
Personal name ვეშაპიძე, შოთა
9 (RLIN) 26171
245 ## - ცნობა სათაურის შესახებ
Title საქართველოს ევროინტეგრაციული პერსპექტივა :
Remainder of title მონოგრაფია /
Statement of responsibility, etc შ. ვეშაპიძე, ლ. ჯამაგიძე, ლ. კერესელიძე, ტ. ფუტკარაძე [და სხვა]; შოთა ვეშაპიძის საერთო რედაქციით; რედაქტორი თეიმურაზ შენგელია.
264 ## - წარმოების, გამოცემის, დისტრიბუციის და სხვა ცნობები
გამოცემის, წარმოების, დისტრიბუციის... ადგილი თბილისი,
გამოცემის, წარმოების, დისტრიბუციის... თარიღი 2025.
300 ## - ფიზიკური აღწერა
Extent 242 გვ. :
Other physical details დიაგრ., ცხრ. ;
Dimensions 24 სმ.
504 ## - BIBLIOGRAPHY, ETC. NOTE
Bibliography, etc ბიბლიოგრაფია: გვ. 214-234.
700 ## - ADDED ENTRY--PERSONAL NAME
Personal name ჯამაგიძე, ლელა
Relator term ავტორი
9 (RLIN) 20467
700 ## - ADDED ENTRY--PERSONAL NAME
Personal name კერესელიძე, ლევან
Relator term ავტორი
9 (RLIN) 26172
700 ## - ADDED ENTRY--PERSONAL NAME
Personal name ფუტკარაძე, რამაზ
Relator term ავტორი
9 (RLIN) 21350
700 ## - ADDED ENTRY--PERSONAL NAME
Personal name დაუდიშვილი, თინა
Relator term ავტორი
9 (RLIN) 26173
700 ## - ADDED ENTRY--PERSONAL NAME
Personal name კიტაშვილი, სოფიკო
Relator term ავტორი
9 (RLIN) 26174
700 ## - ADDED ENTRY--PERSONAL NAME
Personal name მეგრელაძე, გიორგი
9 (RLIN) 26175
700 ## - ADDED ENTRY--PERSONAL NAME
Personal name შენგელია, თეიმურაზ
Relator term რედაქტორი
9 (RLIN) 26176
942 ## - ADDED ENTRY ELEMENTS (KOHA)
Source of classification or shelving scheme
Koha item type წიგნი
ეგზემპლარები
ჩამოწერის სტატუსი დაკარგული ეგზემპლარის სტატუსი კლასიფიკაციის წყარო ან თაროზე გაწყობის სქემა დაზიანების სტატუსი არ გაიცემა მუდმივი მდებარეობა (დაცვის ადგილი) ამჟამინდელი ადგილსამყოფელი თაროზე განთავსების ადგილი შეძენის თარიღი ღირებულება, შესყიდვის ნორმალური ფასი სრული შენახვის შიფრი შტრიხკოდი ბოლო ოპერაციის თარიღი ეგზემპლარის მიმდევრობითი ნომერი (კეტერი?) Uniform Resource Identifier ფასის ძალაში შესვლის თარიღი ეგზემპლარის სახეობა საჯარო შენიშვნა
          ბათუმის შოთა რუსთაველის სახელმწიფო უნივერსიტეტის მთავარი ბიბლიოთეკა ბათუმის შოთა რუსთაველის სახელმწიფო უნივერსიტეტის მთავარი ბიბლიოთეკა წიგნსაცავი 2025-11-06 10.00 341.217(4:479.22) ს-32 72997 2025-11-06 72997 ნაჩუქარი 2025-11-06 წიგნი 10 ლ.